Programa d'immigració
Descripción Física:
2 v. en una carpeta ; 30 cm
MARC
| LEADER | 00000nam a2200000Ia 4500 | ||
|---|---|---|---|
| 001 | 10484, 10485 | ||
| 008 | 160829s9999 xx 000 0 cat d | ||
| 080 | |a FU-26-11 | ||
| 110 | |a Barcelona (Catalunya : Província). |b Àrea de Serveis Socials |9 53159 | ||
| 245 | |a Programa d'immigració | ||
| 260 | |a [Barcelona] : |b Diputació de Barcelona, Àrea de Serveis Socials, [s.a.] | ||
| 300 | |a 2 v. en una carpeta ; |c 30 cm | ||
| 590 | |a Conté: v. 1: Programa d'integració social dels treballadors immigrants; v. 2: Informe sobre el treball social amb immigrants estrangers a la província de Barcelona. | ||
| 590 | |a Inclou: Passaport europeu contra el racisme | ||
| 650 | |a Treball social amb els immigrants |x Barcelona (Província) |9 38759 | ||
| 650 | 0 | |a Integració social |9 35992 | |
| 651 | 0 | |a Barcelona (Catalunya : Província) |x Emigració i immigració |9 52863 | |
| 901 | |a Arxiu | ||
| 942 | |n 1 | ||
| 952 | |0 0 |1 0 |4 0 |6 FU2611 |7 1 |9 48583 |a Arxiu |b Arxiu |d 2016-12-01 |l 0 |o FU-26-11 |p 10484, 10485 |r 2016-12-01 00:00:00 |w 2016-12-01 |y ARXIU | ||
| 999 | |c 52413 |d 52413 | ||